Pourquoi l'évolution des indices boursiers reflete-t-elle tres imparfaitement celle de l'activité économique?

Autor vysvetľuje slabú väzbu rozličných ukazovateľov. Ekonomická aktivita a trh akcií v USA a vo Francúzsku. Nezhoda medzi kolísavosťou hospodárskej aktivity a ziskom. Politika dividend v podnikoch. Vývoj úrokovej miery a trh akcií v USA. Pohyb kapitálu z trhu na trh. Závery. (Banque 1992, č.528.).

Enregistré dans:
Détails bibliographiques
Auteur principal: Goulletquer, H.
Format: Chapitre de livre
Langue:français
Sujets:
Tags: Ajouter un tag
Pas de tags, Soyez le premier à ajouter un tag!

MARC

LEADER 00000naa a2200000 4500
001 r013646
005 20221205080348.6
041 0 |a fre 
044 |a FR 
245 1 0 |a Pourquoi l'évolution des indices boursiers reflete-t-elle tres imparfaitement celle de l'activité économique?  |c H. Goulletquer 
520 |a Autor vysvetľuje slabú väzbu rozličných ukazovateľov. Ekonomická aktivita a trh akcií v USA a vo Francúzsku. Nezhoda medzi kolísavosťou hospodárskej aktivity a ziskom. Politika dividend v podnikoch. Vývoj úrokovej miery a trh akcií v USA. Pohyb kapitálu z trhu na trh. Závery. (Banque 1992, č.528.). 
610 2 0 |a burzy 
610 2 0 |a trh kapitálový 
610 2 0 |a produkt domáci hrubý 
610 2 0 |a porovnanie štatistické medzinárodné 
610 2 0 |a obchody burzové 
610 2 0 |a Francúzsko 
610 2 0 |a USA 
610 2 0 |a indexy 
610 2 0 |a kurz burzový 
610 2 0 |a miera úroková 
610 2 0 |a dividendy 
610 2 0 |a pohyb kapitálu 
100 1 |a Goulletquer, H.